[Event "26.Torneo Collado Villalba 2011"]
[Site "Collado Villalba ESP"]
[Date "2011.08.23"]
[Round "1.27"]
[White "Mena Corrochano, Alberto"]
[Black "Ananian, Arman"]
[Result "0-1"]
[WhiteElo "2175"]
[BlackElo "1847"]
[PlyCount "78"]
[EventDate "2011.08.23"]
[EventType "swiss"]
[EventRounds "9"]
[EventCountry "ESP"]
[Source "lmi"]
[SourceDate "2011.08.23"]

1. d4 Nf6 2. c4 g6 3. Nc3 Bg7 4. Nf3 d6 5. h3 O-O 6. Bf4 Nc6 7. e3 a6 8. Be2
Nd7 9. O-O e5 10. Bh2 f5 11. dxe5 Ndxe5 12. Rc1 Kh8 13. Qd2 g5 14. Rfd1 g4 15.
hxg4 fxg4 16. Nxe5 Nxe5 17. Nd5 h5 18. Bf4 Bf5 19. c5 dxc5 20. Rxc5 c6 21. Bxe5
Bxe5 22. Nb6 Qe7 23. Rxe5 Qxe5 24. Nxa8 Rxa8 25. Qb4 b5 26. Rd6 c5 27. Qd2 Rf8
28. Rd5 Qf6 29. Rd6 Qf7 30. b3 Bh7 31. f3 Qg7 32. f4 g3 33. Bxh5 Qe7 34. Bf3
Qg7 35. Qc1 Rc8 36. Rxa6 c4 37. Ra8 Rxa8 38. Bxa8 c3 39. b4 c2 0-1

[Event "26.Torneo Collado Villalba 2011"]
[Site "Collado Villalba ESP"]
[Date "2011.08.23"]
[Round "1.29"]
[White "Prieto Martin, Alfonso"]
[Black "Hernandez Castro, Julio Cesar"]
[Result "0-1"]
[WhiteElo "2167"]
[BlackElo "1838"]
[PlyCount "82"]
[EventDate "2011.08.23"]
[EventType "swiss"]
[EventRounds "9"]
[EventCountry "ESP"]
[Source "lmi"]
[SourceDate "2011.08.23"]

1. d4 Nf6 2. Nf3 g6 3. g3 Bg7 4. Bg2 O-O 5. O-O d6 6. c4 Nbd7 7. Qc2 e5 8. dxe5
dxe5 9. Rd1 Qe7 10. Nc3 c6 11. a4 Nc5 12. e4 a5 13. b3 Na6 14. Ba3 Nb4 15. Qe2
Bg4 16. h3 Bxf3 17. Bxf3 Nd7 18. Na2 Rfd8 19. Rac1 Nf8 20. Bxb4 axb4 21. c5 Ne6
22. Qc4 Bf8 23. Qxb4 Nxc5 24. Nc3 Qe6 25. Rxd8 Rxd8 26. Qb6 Rd2 27. Ne2 Rb2 28.
Qd8 Qxb3 29. Nc3 Ne6 30. Qb8 Nd4 31. Bd1 Qe6 32. a5 Qf6 33. f4 exf4 34. e5 Qg5
35. Ne4 Qe7 36. a6 Qb4 37. Rc3 Ne2+ 38. Bxe2 Qd4+ 39. Nf2 Qxc3 40. e6 Qe1+ 41.
Kg2 f3+ 0-1

[Event "26.Torneo Collado Villalba 2011"]
[Site "Collado Villalba ESP"]
[Date "2011.08.23"]
[Round "1.30"]
[White "Rodriguez Del Moral, Angel"]
[Black "Ramos Aldoradin, John Paul"]
[Result "0-1"]
[WhiteElo "1813"]
[BlackElo "2159"]
[PlyCount "64"]
[EventDate "2011.08.23"]
[EventType "swiss"]
[EventRounds "9"]
[EventCountry "ESP"]
[Source "lmi"]
[SourceDate "2011.08.23"]

1. d4 e6 2. Nf3 d5 3. Bf4 Bd6 4. Ne5 f6 5. Nd3 Ne7 6. e3 O-O 7. Nd2 Ng6 8. Bg3
e5 9. c3 e4 10. Nb4 c6 11. Be2 f5 12. f4 exf3 13. Nxf3 Bxg3+ 14. hxg3 Qd6 15.
Kf2 Nd7 16. Nd3 Nf6 17. Nfe5 Ne4+ 18. Kg1 Nxg3 19. Nxg6 Qxg6 20. Nf4 Qe8 21.
Kf2 Nxh1+ 22. Qxh1 g6 23. Qh6 Qf7 24. Rh1 Bd7 25. c4 Qg7 26. Qg5 Rae8 27. cxd5
cxd5 28. Nxd5 f4 29. Nxf4 Rxf4+ 30. exf4 Qxd4+ 31. Kf1 Qe4 32. Kg1 Qxe2 0-1

[Event "26.Torneo Collado Villalba 2011"]
[Site "Collado Villalba ESP"]
[Date "2011.08.23"]
[Round "1.31"]
[White "Bermejo Arruego, Luis"]
[Black "Callejo Hernanz, Jesus Maria"]
[Result "1-0"]
[WhiteElo "2157"]
[BlackElo "1806"]
[PlyCount "65"]
[EventDate "2011.08.23"]
[EventType "swiss"]
[EventRounds "9"]
[EventCountry "ESP"]
[Source "lmi"]
[SourceDate "2011.08.23"]

1. e4 c5 2. Nc3 Nc6 3. g3 d6 4. Bg2 g6 5. d3 Bg7 6. f4 Nf6 7. h3 Bd7 8. Nf3 Qc7
9. Be3 a6 10. O-O O-O 11. g4 Ne8 12. f5 Nd4 13. Bg5 Bc6 14. Qd2 Nf6 15. Nh4
Rad8 16. Rae1 e5 17. Bxf6 Bxf6 18. g5 Bh8 19. f6 d5 20. Nxd5 Bxd5 21. exd5 c4
22. Qc3 Qc5 23. Rf2 b5 24. dxc4 bxc4 25. Qe3 e4 26. c3 Nb3 27. axb3 Qxe3 28.
Rxe3 cxb3 29. c4 Rfe8 30. Rxe4 Rxe4 31. Bxe4 Re8 32. d6 Rxe4 33. d7 1-0

[Event "26.Torneo Collado Villalba 2011"]
[Site "Collado Villalba ESP"]
[Date "2011.08.23"]
[Round "1.32"]
[White "Martin Carmona, Gaston"]
[Black "Prada Lopez, Miguel Angel"]
[Result "0-1"]
[WhiteElo "1805"]
[BlackElo "2150"]
[PlyCount "59"]
[EventDate "2011.08.23"]
[EventType "swiss"]
[EventRounds "9"]
[EventCountry "ESP"]
[Source "lmi"]
[SourceDate "2011.08.23"]

1. e4 c5 2. Nf3 d6 3. d4 cxd4 4. Nxd4 Nf6 5. Nc3 g6 6. Be3 Bg7 7. f3 Nc6 8. Qd2
O-O 9. Bc4 Bd7 10. Bb3 Rc8 11. O-O-O Ne5 12. g4 b5 13. Kb1 b4 14. Nd5 Nxd5 15.
Bxd5 e6 16. Bb3 a5 17. Qe2 a4 18. f4 Nxg4 19. Bxe6 Nxe3 20. Bxd7 Nxd1 21. Bxc8
Nxb2 22. Nc6 Qf6 23. Ba6 Nd1 24. e5 Nc3+ 25. Kb2 dxe5 26. Qc4 exf4 27. Kc1 f3
28. Nxb4 Ne2+ 29. Kd2 Bh6+ 30. Ke1 0-1

[Event "26.Torneo Collado Villalba 2011"]
[Site "Collado Villalba ESP"]
[Date "2011.08.23"]
[Round "1.33"]
[White "Unciti Juan, Javier"]
[Black "Montoya Pecurul, Marc"]
[Result "1-0"]
[WhiteElo "2133"]
[BlackElo "1796"]
[PlyCount "57"]
[EventDate "2011.08.23"]
[EventType "swiss"]
[EventRounds "9"]
[EventCountry "ESP"]
[Source "lmi"]
[SourceDate "2011.08.23"]

1. d4 d5 2. Bg5 Nf6 3. Nc3 e6 4. e4 Be7 5. e5 Nfd7 6. h4 Bxg5 7. hxg5 Qxg5 8.
Nf3 Qe7 9. Bd3 h6 10. Qd2 a6 11. Ne2 c5 12. c3 Nc6 13. g4 cxd4 14. cxd4 Qb4 15.
Nc3 Nxd4 16. Nxd4 Qxd4 17. O-O-O Qc5 18. Bc2 Nb6 19. Ne4 Qc7 20. Nd6+ Kd8 21.
Qf4 Rf8 22. g5 hxg5 23. Qxg5+ f6 24. Qf4 Nd7 25. exf6 gxf6 26. Rh7 e5 27. Qb4
d4 28. Nb5 Qc5 29. Rxd7+ 1-0

[Event "26.Torneo Collado Villalba 2011"]
[Site "Collado Villalba ESP"]
[Date "2011.08.23"]
[Round "1.34"]
[White "Perez Ortego, Alberto"]
[Black "Martin Duque, Jesus"]
[Result "0-1"]
[WhiteElo "1581"]
[BlackElo "2124"]
[PlyCount "74"]
[EventDate "2011.08.23"]
[EventType "swiss"]
[EventRounds "9"]
[EventCountry "ESP"]
[Source "lmi"]
[SourceDate "2011.08.23"]

1. e4 c5 2. Nf3 a6 3. Bc4 e6 4. O-O b5 5. Be2 Bb7 6. d3 d6 7. Re1 Nf6 8. Bg5
Be7 9. e5 dxe5 10. Nxe5 Nbd7 11. Nxd7 Qxd7 12. Bf3 O-O 13. Bxb7 Qxb7 14. Nc3 b4
15. Na4 Rac8 16. b3 Rfd8 17. Nb2 Qd5 18. Bh4 Qd4 19. Nc4 Qxh4 20. Ne5 Qd4 21.
h3 Qd6 22. Qf3 Qc7 23. g4 Bd6 24. Nc4 Nd5 25. Nxd6 Qxd6 26. h4 Qf4 27. Qg2 Nc3
28. h5 Qd2 29. g5 Rd5 30. Re3 Nd1 31. Rg3 Rf5 32. Rxd1 Qxd1+ 33. Kh2 Qxh5+ 34.
Kg1 Rd8 35. f4 Qd1+ 36. Kh2 Rxf4 37. Kh3 Qh5# 0-1

[Event "26.Torneo Collado Villalba 2011"]
[Site "Collado Villalba ESP"]
[Date "2011.08.23"]
[Round "1.39"]
[White "Ledo Galan, Jose Emilio"]
[Black "Madurga Lopez, Ignacio"]
[Result "1-0"]
[WhiteElo "2073"]
[BlackElo "2036"]
[PlyCount "49"]
[EventDate "2011.08.23"]
[EventType "swiss"]
[EventRounds "9"]
[EventCountry "ESP"]
[Source "lmi"]
[SourceDate "2011.08.23"]

1. e4 c5 2. Nf3 d6 3. d4 cxd4 4. Nxd4 Nf6 5. Nc3 a6 6. Be2 e5 7. Nb3 Be7 8. Be3
O-O 9. O-O b5 10. Nd5 Nbd7 11. Nxe7+ Qxe7 12. f3 Nc5 13. c4 Nxb3 14. axb3 bxc4
15. Bxc4 Be6 16. Bxa6 Rfb8 17. Bc4 Bxc4 18. Rxa8 Rxa8 19. bxc4 Qc7 20. Qd3 Nd7
21. Rd1 Ra6 22. b4 Ra4 23. Qxd6 Qxd6 24. Rxd6 Nf8 25. Rd8 1-0

[Event "26.Torneo Collado Villalba 2011"]
[Site "Collado Villalba ESP"]
[Date "2011.08.24"]
[Round "2.1"]
[White "Vazquez Igarza, Renier"]
[Black "Pastor Alonso De Prado, Emilio"]
[Result "1/2-1/2"]
[WhiteElo "2561"]
[BlackElo "2197"]
[PlyCount "151"]
[EventDate "2011.08.23"]
[EventType "swiss"]
[EventRounds "9"]
[EventCountry "ESP"]
[Source "lmi"]
[SourceDate "2011.08.23"]

1. d4 d5 2. c4 e6 3. Nc3 Nf6 4. cxd5 exd5 5. Bg5 Be7 6. e3 Nbd7 7. Bd3 O-O 8.
Qc2 c6 9. Nge2 Re8 10. O-O g6 11. f3 Nh5 12. Bxe7 Qxe7 13. e4 Nb6 14. e5 c5 15.
g4 Ng7 16. Nf4 Rd8 17. Qf2 c4 18. Bc2 f5 19. Rae1 g5 20. gxf5 Bxf5 21. Bxf5
Nxf5 22. Nh5 Kh8 23. Nf6 Qf7 24. Kh1 Nd7 25. Nxd7 Qxd7 26. e6 Qg7 27. Re5 Ne7
28. f4 gxf4 29. Rg1 Qh6 30. Qf3 Rg8 31. Rf1 Nc6 32. Rxd5 Qxe6 33. Ne2 Raf8 34.
Rh5 Qg4 35. d5 Qxf3+ 36. Rxf3 Re8 37. dxc6 Rxe2 38. h4 Rd8 39. Rg5 Rd1+ 40. Rg1
Rdd2 41. Rg4 Re1+ 42. Rg1 Rxg1+ 43. Kxg1 bxc6 44. Rxf4 Rxb2 45. Rxc4 Rxa2 46.
Rxc6 Kg7 47. Kf1 a5 48. Ra6 a4 49. Ke1 a3 50. Kd1 h5 51. Kc1 Ra1+ 52. Kc2 a2
53. Kb3 Rb1+ 54. Kxa2 Rb4 55. Re6 Rxh4 56. Kb2 Rc4 57. Kb3 Rc1 58. Kb2 Rh1 59.
Rd6 h4 60. Re6 h3 61. Re4 Kg6 62. Rh4 Kg5 63. Rh8 Kg4 64. Kc2 Re1 65. Rg8+ Kf3
66. Rf8+ Kg2 67. Rc8 Kh1 68. Kd2 Rg1 69. Rh8 h2 70. Ke3 Kg2 71. Rg8+ Kf1 72.
Rf8+ Ke1 73. Rb8 Rg3+ 74. Kf4 Rh3 75. Rb1+ Ke2 76. Rb2+ 1/2-1/2

[Event "26.Torneo Collado Villalba 2011"]
[Site "Collado Villalba ESP"]
[Date "2011.08.24"]
[Round "2.2"]
[White "Gonzalez Mateos, Rafael"]
[Black "Moreno Ruiz, Javier"]
[Result "0-1"]
[WhiteElo "2186"]
[BlackElo "2545"]
[PlyCount "60"]
[EventDate "2011.08.23"]
[EventType "swiss"]
[EventRounds "9"]
[EventCountry "ESP"]
[Source "lmi"]
[SourceDate "2011.08.23"]

1. d4 Nf6 2. c3 g6 3. Bg5 Bg7 4. Nd2 O-O 5. e4 d6 6. Ngf3 c5 7. Bd3 cxd4 8.
cxd4 h6 9. Bh4 Nc6 10. d5 Nb4 11. Be2 Nh5 12. Qb3 Na6 13. O-O Nc5 14. Qc2 Bd7
15. Rac1 Rc8 16. Nc4 g5 17. Bg3 Nxg3 18. hxg3 b5 19. Ne3 Qa5 20. Qb1 Qb4 21.
Nf5 Bxf5 22. exf5 Bxb2 23. Ne1 Qa3 24. Rc2 Bf6 25. Qxb5 Rb8 26. Rxc5 Rxb5 27.
Rxb5 Qxa2 28. Bf3 Qc4 29. Rb7 a5 30. Bd1 a4 0-1

[Event "26.Torneo Collado Villalba 2011"]
[Site "Collado Villalba ESP"]
[Date "2011.08.24"]
[Round "2.3"]
[White "Gomez Garrido, Camilo"]
[Black "De La Fuente Gonzalez, Francisc"]
[Result "1-0"]
[WhiteElo "2524"]
[BlackElo "2190"]
[PlyCount "91"]
[EventDate "2011.08.23"]
[EventType "swiss"]
[EventRounds "9"]
[EventCountry "ESP"]
[Source "lmi"]
[SourceDate "2011.08.23"]

1. e4 e5 2. Nf3 Nf6 3. Nxe5 d6 4. Nf3 Nxe4 5. Nc3 Nxc3 6. dxc3 Be7 7. Bf4 Nd7
8. Qd2 O-O 9. O-O-O Nc5 10. Be3 Ne6 11. h4 c6 12. c4 a6 13. Ng5 f5 14. Nxe6
Bxe6 15. Bf4 d5 16. Qe3 Bf7 17. cxd5 cxd5 18. Be5 Bf6 19. Bxf6 Qxf6 20. Qd4 Be6
21. Qxf6 Rxf6 22. Be2 Rc8 23. Bf3 Rc5 24. Rd4 Bf7 25. Re1 g6 26. Re7 b5 27. Rd7
Rc4 28. Bxd5 Bxd5 29. R7xd5 Rxd4 30. Rxd4 h6 31. c4 bxc4 32. Rxc4 g5 33. hxg5
hxg5 34. Rc7 Kf8 35. b4 Ke8 36. Rc5 g4 37. Kc2 Kd7 38. Kb3 f4 39. Rc4 Kd6 40.
a4 f3 41. g3 Rg6 42. b5 axb5 43. axb5 Kd5 44. Rb4 Rb6 45. Ka4 Kc5 46. Rxg4 1-0

[Event "26.Torneo Collado Villalba 2011"]
[Site "Collado Villalba ESP"]
[Date "2011.08.24"]
[Round "2.4"]
[White "Montanes Arribas, Adrian"]
[Black "Guerra Mendez, Jose Angel"]
[Result "0-1"]
[WhiteElo "2177"]
[BlackElo "2450"]
[PlyCount "88"]
[EventDate "2011.08.23"]
[EventType "swiss"]
[EventRounds "9"]
[EventCountry "ESP"]
[Source "lmi"]
[SourceDate "2011.08.23"]

1. e4 e5 2. Nf3 Nc6 3. Bb5 a6 4. Ba4 Nf6 5. O-O Be7 6. Re1 b5 7. Bb3 d6 8. c3
O-O 9. h3 Na5 10. Bc2 c5 11. d4 Qc7 12. Nbd2 cxd4 13. cxd4 Nc6 14. Nb3 a5 15.
Be3 a4 16. Nbd2 Bd7 17. Rc1 Rac8 18. a3 Qb8 19. Qe2 Na5 20. Bd3 Rfe8 21. Bg5
Rxc1 22. Rxc1 h6 23. Bh4 g5 24. Bg3 Nh5 25. Bh2 Nf4 26. Bxf4 exf4 27. e5 d5 28.
Bb1 Kg7 29. Qd3 Rh8 30. Re1 Be6 31. b4 axb3 32. Nxb3 Nxb3 33. Qxb3 Qa7 34. Qxb5
Qxa3 35. Bd3 h5 36. Qb1 g4 37. hxg4 hxg4 38. Nh2 Bh4 39. Nf1 Qc3 40. g3 fxg3
41. fxg3 Qxd4+ 42. Kg2 Be7 43. Bf5 Bc5 44. Ne3 Qd2+ 0-1

[Event "26.Torneo Collado Villalba 2011"]
[Site "Collado Villalba ESP"]
[Date "2011.08.24"]
[Round "2.5"]
[White "Fernandez Cardoso, Alexey"]
[Black "Bote Alvarez-Carrasco, Valentin"]
[Result "1-0"]
[WhiteElo "2450"]
[BlackElo "2183"]
[PlyCount "49"]
[EventDate "2011.08.23"]
[EventType "swiss"]
[EventRounds "9"]
[EventCountry "ESP"]
[Source "lmi"]
[SourceDate "2011.08.23"]

1. e4 c6 2. d4 d5 3. e5 Bf5 4. Nf3 e6 5. Be2 c5 6. O-O Nc6 7. c4 dxc4 8. Bxc4
Nge7 9. Nc3 cxd4 10. Nb5 Ng6 11. Nfxd4 Ngxe5 12. Nxf5 Nxc4 13. Bf4 Rc8 14. Qe2
a6 15. Qxc4 axb5 16. Qxb5 exf5 17. Rad1 Qf6 18. Qxb7 Rd8 19. Bc7 Rxd1 20. Rxd1
Be7 21. Qc8+ Nd8 22. Qd7+ Kf8 23. Bxd8 g6 24. Qc7 Bxd8 25. Rxd8+ 1-0

[Event "26.Torneo Collado Villalba 2011"]
[Site "Collado Villalba ESP"]
[Date "2011.08.24"]
[Round "2.6"]
[White "Ramos Aldoradin, John Paul"]
[Black "Barria Zuniga, Daniel"]
[Result "0-1"]
[WhiteElo "2159"]
[BlackElo "2443"]
[PlyCount "42"]
[EventDate "2011.08.23"]
[EventType "swiss"]
[EventRounds "9"]
[EventCountry "ESP"]
[Source "lmi"]
[SourceDate "2011.08.23"]

1. e4 c5 2. Nf3 e6 3. c3 d5 4. e5 Nc6 5. d4 Bd7 6. Be2 Rc8 7. O-O Nh6 8. a3 Nf5
9. b4 cxd4 10. cxd4 b5 11. Bb2 a5 12. Nc3 axb4 13. Nxb5 Qb6 14. axb4 Bxb4 15.
Na3 O-O 16. Qb3 Ncxd4 17. Nxd4 Nxd4 18. Qd1 Bc3 19. Bxc3 Rxc3 20. Qd2 Rfc8 21.
Bd3 Nb3 0-1

[Event "26.Torneo Collado Villalba 2011"]
[Site "Collado Villalba ESP"]
[Date "2011.08.24"]
[Round "2.7"]
[White "Roa Alonso, Santiago"]
[Black "Bermejo Arruego, Luis"]
[Result "1-0"]
[WhiteElo "2428"]
[BlackElo "2157"]
[PlyCount "27"]
[EventDate "2011.08.23"]
[EventType "swiss"]
[EventRounds "9"]
[EventCountry "ESP"]
[Source "lmi"]
[SourceDate "2011.08.23"]

1. d4 d5 2. c4 c6 3. Nf3 Nf6 4. Nc3 a6 5. c5 Nbd7 6. Bf4 Nh5 7. Bd2 g6 8. e4
dxe4 9. Nxe4 Ndf6 10. Neg5 h6 11. Nxf7 Kxf7 12. Ne5+ Kg7 13. g4 Qxd4 14. Bxh6+
1-0

[Event "26.Torneo Collado Villalba 2011"]
[Site "Collado Villalba ESP"]
[Date "2011.08.24"]
[Round "2.8"]
[White "Renteria, Jorge"]
[Black "Unciti Juan, Javier"]
[Result "1-0"]
[WhiteElo "2320"]
[BlackElo "2133"]
[PlyCount "79"]
[EventDate "2011.08.23"]
[EventType "swiss"]
[EventRounds "9"]
[EventCountry "ESP"]
[Source "lmi"]
[SourceDate "2011.08.23"]

1. d4 e6 2. c4 d5 3. Nc3 c5 4. Nf3 Nc6 5. cxd5 exd5 6. Bf4 Nf6 7. e3 c4 8. Be2
Bb4 9. Nd2 Bf5 10. Bg5 Bxc3 11. bxc3 h6 12. Bh4 O-O 13. Bf3 g5 14. Bg3 Re8 15.
O-O Qa5 16. Qc1 Re6 17. Re1 Rae8 18. a4 Bd3 19. Qb2 Kg7 20. Rec1 R8e7 21. Qb5
Qd8 22. a5 h5 23. h4 g4 24. Bd1 Nb8 25. Bc2 Bxc2 26. Rxc2 a6 27. Qb1 b5 28.
axb6 Rxb6 29. Rb2 Reb7 30. Rxb6 Rxb6 31. Qf5 Nbd7 32. Qg5+ Kh7 33. Bf4 Qf8 34.
Qf5+ Kg8 35. e4 dxe4 36. Nxc4 Rb5 37. Ne5 Qc8 38. Bh6 Kh8 39. Nxf7+ Kg8 40.
Qg6# 1-0

[Event "26.Torneo Collado Villalba 2011"]
[Site "Collado Villalba ESP"]
[Date "2011.08.24"]
[Round "2.9"]
[White "Aranda Marin, Cristian"]
[Black "Rodrigo Yanguas, Maria"]
[Result "0-1"]
[WhiteElo "2310"]
[BlackElo "2102"]
[PlyCount "56"]
[EventDate "2011.08.23"]
[EventType "swiss"]
[EventRounds "9"]
[EventCountry "ESP"]
[Source "lmi"]
[SourceDate "2011.08.23"]

1. d4 d5 2. Bg5 Nc6 3. e3 Nf6 4. Bxf6 gxf6 5. c4 Rg8 6. Nc3 dxc4 7. Bxc4 Rxg2
8. Qh5 Rg7 9. Nge2 Qd6 10. h3 Qb4 11. Bb3 Bd7 12. O-O-O Na5 13. d5 Nxb3+ 14.
axb3 Qxb3 15. Rhg1 Rg5 16. Rxg5 fxg5 17. Qxh7 a5 18. Nd4 Qc4 19. Nf5 a4 20.
Ng7+ Bxg7 21. Qxg7 O-O-O 22. Qd4 Qxd4 23. Rxd4 Rh8 24. Nxa4 Rh4 25. Rxh4 gxh4
26. Nc3 Bxh3 27. Kd2 Bg2 28. Ne2 h3 0-1

[Event "26.Torneo Collado Villalba 2011"]
[Site "Collado Villalba ESP"]
[Date "2011.08.24"]
[Round "2.10"]
[White "Martin Duque, Jesus"]
[Black "Sanchez Gonzalez, Sergio"]
[Result "0-1"]
[WhiteElo "2124"]
[BlackElo "2302"]
[PlyCount "80"]
[EventDate "2011.08.23"]
[EventType "swiss"]
[EventRounds "9"]
[EventCountry "ESP"]
[Source "lmi"]
[SourceDate "2011.08.23"]

1. e4 c5 2. Nf3 d6 3. d4 Nf6 4. Nc3 cxd4 5. Nxd4 e6 6. g4 h6 7. h4 Nc6 8. Rg1
h5 9. gxh5 Nxh5 10. Bg5 Qb6 11. Nb3 a6 12. Be2 Nf6 13. h5 Qc7 14. Qd2 b5 15. a3
Bb7 16. f4 b4 17. axb4 Nxb4 18. Bxf6 gxf6 19. Na5 Rb8 20. Nxb7 Qxb7 21. Rc1 Qb6
22. Rf1 Bh6 23. Nb5 axb5 24. Qxb4 Qe3 25. Ra1 Bxf4 26. Ra3 Qc1+ 27. Kf2 Qxc2
28. Rc3 Qd2 29. Rd1 Bg3+ 30. Kf1 Qg5 31. Rdc1 O-O 32. Rxg3 Qxg3 33. Rc3 Qf4+
34. Rf3 Qc1+ 35. Kg2 Kh8 36. Qd4 Rg8+ 37. Kh2 Rg7 38. Rxf6 Qg5 39. Qf2 Rbg8 40.
Bf1 Qxh5+ 0-1

[Event "26.Torneo Collado Villalba 2011"]
[Site "Collado Villalba ESP"]
[Date "2011.08.24"]
[Round "2.11"]
[White "Madina Yadarola, Martin"]
[Black "Ledo Galan, Jose Emilio"]
[Result "1-0"]
[WhiteElo "2291"]
[BlackElo "2073"]
[PlyCount "79"]
[EventDate "2011.08.23"]
[EventType "swiss"]
[EventRounds "9"]
[EventCountry "ESP"]
[Source "lmi"]
[SourceDate "2011.08.23"]

1. g3 Nf6 2. Bg2 d5 3. d3 e5 4. Nd2 Be7 5. e4 c6 6. Ngf3 Qc7 7. O-O O-O 8. Qe2
dxe4 9. dxe4 Nbd7 10. b3 Re8 11. Bb2 Bc5 12. a4 b6 13. Ne1 Nf8 14. Nd3 Bd6 15.
Nc4 Ng6 16. f4 Ba6 17. Nxd6 Qxd6 18. c4 exf4 19. e5 fxg3 20. hxg3 Rad8 21. Rad1
Nd7 22. Rxf7 Ndxe5 23. Rxa7 Bc8 24. Be4 Qb8 25. Nxe5 Rxd1+ 26. Qxd1 Qxa7 27.
Bxc6 Rf8 28. Bd5+ Kh8 29. Nxg6+ hxg6 30. Qd2 Rf1+ 31. Kxf1 Bh3+ 32. Kg1 Kh7 33.
Qf4 b5+ 34. Bd4 Qe7 35. Qh4+ Qxh4 36. gxh4 bxa4 37. bxa4 g5 38. hxg5 Kg6 39. a5
Bc8 40. Bc6 1-0

[Event "26.Torneo Collado Villalba 2011"]
[Site "Collado Villalba ESP"]
[Date "2011.08.24"]
[Round "2.12"]
[White "Arauz Alonso, Fernando"]
[Black "Longa Yauca, Javier"]
[Result "0-1"]
[WhiteElo "2123"]
[BlackElo "2288"]
[PlyCount "94"]
[EventDate "2011.08.23"]
[EventType "swiss"]
[EventRounds "9"]
[EventCountry "ESP"]
[Source "lmi"]
[SourceDate "2011.08.23"]

1. d4 Nf6 2. c4 c5 3. Nf3 cxd4 4. Nxd4 Nc6 5. Nc3 g6 6. g3 Bg7 7. Bg2 O-O 8.
Nc2 d6 9. Bd2 Bd7 10. O-O a6 11. Rc1 b5 12. cxb5 axb5 13. Nxb5 Rxa2 14. Bxc6
Bxc6 15. Nb4 Bxb5 16. Nxa2 Qa8 17. Nc3 Bd7 18. Re1 Rb8 19. Qc2 d5 20. Ra1 Qb7
21. Bf4 Rc8 22. Qd3 d4 23. Qxd4 Bh3 24. e4 Ng4 25. Qd2 g5 26. Bxg5 Ne5 27. Qe3
Bg4 28. Nd5 f6 29. Ra7 Qxb2 30. Nxe7+ Kh8 31. Bxf6 Bxf6 32. Nxc8 Nf3+ 33. Kg2
Bd4 34. Re2 Qb1 35. Qxf3 Bxf3+ 36. Kxf3 Qd3+ 37. Re3 Qd1+ 38. Kf4 Qh5 39. e5
Qxh2 40. e6 Qxf2+ 41. Rf3 Qd2+ 42. Kg4 Qe2 43. Re7 h5+ 44. Kg5 Qxf3 45. Re8+
Kh7 46. Re7+ Bg7 47. Nd6 Qg4# 0-1

[Event "26.Torneo Collado Villalba 2011"]
[Site "Collado Villalba ESP"]
[Date "2011.08.24"]
[Round "2.13"]
[White "Desanjose Candalija, Eduardo"]
[Black "Morona Minguez, Irene"]
[Result "1-0"]
[WhiteElo "2275"]
[BlackElo "1930"]
[PlyCount "61"]
[EventDate "2011.08.23"]
[EventType "swiss"]
[EventRounds "9"]
[EventCountry "ESP"]
[Source "lmi"]
[SourceDate "2011.08.23"]

1. d4 Nf6 2. c4 g6 3. g3 Bg7 4. Bg2 d6 5. Nf3 O-O 6. Nc3 Nbd7 7. O-O e5 8. e4
c6 9. b3 a6 10. h3 b5 11. dxe5 Nxe5 12. Nxe5 dxe5 13. Ba3 Re8 14. Qc2 Be6 15.
Rfd1 Qb6 16. Bd6 Nd7 17. c5 Qb7 18. Rac1 f5 19. Nd5 Bxd5 20. exd5 e4 21. b4 Nf6
22. dxc6 Qxc6 23. a4 Ra7 24. Bf4 Rd7 25. axb5 axb5 26. Qa2+ Kh8 27. Rd6 Rxd6
28. cxd6 Qb6 29. Rc7 Nh5 30. Qf7 Rf8 31. Be5 1-0

[Event "26.Torneo Collado Villalba 2011"]
[Site "Collado Villalba ESP"]
[Date "2011.08.24"]
[Round "2.14"]
[White "Suarez Triguero, Jose Alfonso"]
[Black "Moreno Tejera, Emilio"]
[Result "0-1"]
[WhiteElo "2079"]
[BlackElo "2264"]
[PlyCount "84"]
[EventDate "2011.08.23"]
[EventType "swiss"]
[EventRounds "9"]
[EventCountry "ESP"]
[Source "lmi"]
[SourceDate "2011.08.23"]

1. e4 e6 2. d4 c5 3. d5 exd5 4. exd5 d6 5. Bb5+ Nd7 6. Qe2+ Be7 7. Bg5 a6 8.
Bxd7+ Bxd7 9. Nc3 h6 10. Bh4 Kf8 11. Bxe7+ Qxe7 12. Qxe7+ Kxe7 13. Nge2 Nf6 14.
Ng3 Rhe8 15. O-O-O Kd8 16. Rhe1 Kc7 17. f3 b5 18. Nce4 Nxe4 19. Rxe4 Rxe4 20.
Nxe4 Re8 21. c3 Re5 22. Ng3 g5 23. b3 f5 24. Rd2 Re1+ 25. Rd1 Re3 26. Kd2 f4
27. Ne4 Bf5 28. Nf2 h5 29. Re1 Rxe1 30. Kxe1 Kd7 31. Kd2 Ke7 32. a3 Kf6 33. c4
b4 34. a4 a5 35. Nd1 Ke5 36. Nf2 Kd4 37. h4 g4 38. fxg4 hxg4 39. h5 g3 40. Nd1
Ke5 41. h6 Kf6 42. Ke2 Be4 0-1

[Event "26.Torneo Collado Villalba 2011"]
[Site "Collado Villalba ESP"]
[Date "2011.08.24"]
[Round "2.15"]
[White "Alcazar Jimenez, Jesus"]
[Black "Fernandez Gil, Ruben Carlos"]
[Result "1-0"]
[WhiteElo "2257"]
[BlackElo "1847"]
[PlyCount "87"]
[EventDate "2011.08.23"]
[EventType "swiss"]
[EventRounds "9"]
[EventCountry "ESP"]
[Source "lmi"]
[SourceDate "2011.08.23"]

1. Nf3 c5 2. c4 g6 3. e3 Bg7 4. Nc3 d6 5. d4 cxd4 6. exd4 Nf6 7. Be3 O-O 8. h3
Nbd7 9. Be2 e5 10. dxe5 dxe5 11. Qd2 Qe7 12. Bg5 Qc5 13. Be3 Qe7 14. Nd5 Nxd5
15. cxd5 f5 16. d6 Qe8 17. Bc4+ Kh8 18. Bh6 e4 19. Bxg7+ Kxg7 20. Qd4+ Rf6 21.
O-O Nb6 22. Ne5 Nxc4 23. d7 Bxd7 24. Nxd7 Qd8 25. Rfd1 Rc8 26. Nxf6 Qxd4 27.
Nh5+ gxh5 28. Rxd4 Ne5 29. Rd5 Kf6 30. Rd6+ Kg5 31. h4+ Kxh4 32. Rd5 Nd3 33.
Rxf5 Rc2 34. Rd1 Rxb2 35. f3 exf3 36. Rxd3 Rxg2+ 37. Kf1 Rxa2 38. Rd4+ Kg3 39.
Rg5+ Kh3 40. Rxh5+ Kg3 41. Rg5+ Kh3 42. Rd3 Kh4 43. Rg7 b5 44. Rxf3 1-0

[Event "26.Torneo Collado Villalba 2011"]
[Site "Collado Villalba ESP"]
[Date "2011.08.24"]
[Round "2.16"]
[White "Ananian, Arman"]
[Black "Ortega Ruiz, Jose Miguel"]
[Result "0-1"]
[WhiteElo "1847"]
[BlackElo "2248"]
[PlyCount "76"]
[EventDate "2011.08.23"]
[EventType "swiss"]
[EventRounds "9"]
[EventCountry "ESP"]
[Source "lmi"]
[SourceDate "2011.08.23"]

1. e4 e5 2. Nf3 Nc6 3. Bb5 Bc5 4. O-O d6 5. c3 a6 6. Ba4 b5 7. Bb3 Bg4 8. d3
Qf6 9. Be3 Nge7 10. h3 Bxf3 11. Qxf3 Qxf3 12. gxf3 f5 13. f4 exf4 14. Bxf4 fxe4
15. Nd2 exd3 16. Rfe1 Rf8 17. Bg3 O-O-O 18. Bh4 d5 19. Bd1 g5 20. Nb3 Bb6 21.
Bg3 Kb7 22. Kg2 Nf5 23. Bf3 h5 24. Rf1 Nxg3 25. fxg3 h4 26. Bxd5 Rxf1 27. Bxc6+
Kxc6 28. Rxf1 Re8 29. Nd4+ Bxd4 30. cxd4 Kd5 31. gxh4 gxh4 32. Rd1 Kxd4 33. Kf3
c5 34. Kg4 c4 35. Kxh4 b4 36. Kg4 c3 37. bxc3+ bxc3 38. h4 c2 0-1